| 000 | 00687nam a2200253 a 4500 | ||
|---|---|---|---|
| 001 | nice12345678 | ||
| 003 | IN_TiNIC | ||
| 005 | 20260116013831.0 | ||
| 008 | 050524s1991 usaa grp 000 0 eng | ||
| 020 |
_a0872490 _c15 |
||
| 082 | 0 | 0 |
_a297.0962 _bCAM |
| 100 | _aCampo, Juan Eduardo | ||
| 245 |
_aOther Sides of Paradise _b Explorations into the Religious Meanings of Dom |
||
| 260 |
_aUSA _bUniv. of Soujth Carolina Press _c1991 |
||
| 300 | _a246p. | ||
| 500 | _aincludes index and biblioraphy | ||
| 505 | 2 | _aindex | |
| 650 | _aIslam-Egypt | ||
| 650 | _aEgypt-Religious Life | ||
| 700 | 1 | _aCampo, Juan Eduardo | |
| 902 | _bSRS | ||
| 942 | _cBK | ||
| 999 |
_c12733 _d12733 |
||